[Event "Tradewise Gibraltar Masters 14th"]
[Site "Gibraltar"]
[Date "2016.02.03"]
[Round "9.104"]
[White "Eagleton, Greg T"]
[Black "Amos, Frank"]
[Result "1-0"]
[WhiteElo "1981"]
[BlackElo "2118"]
[PlyCount "93"]
[EventDate "2016.01.26"]
[EventType "swiss"]
[EventRounds "10"]
[EventCountry "GGB"]
[Source "www.saund.co.uk"]
[SourceDate "2005.02.07"]

1. e4 e5 2. Nf3 Nc6 3. Bc4 Bc5 4. b4 Bxb4 5. c3 Ba5 6. d4 d6 7. O-O Bb6 8. Bg5
f6 9. Be3 Bg4 10. Qa4 Bd7 11. Qc2 Qe7 12. Nbd2 Nh6 13. Nb3 Ng4 14. Bd2 h5 15.
a4 a5 16. Nh4 g5 17. Ng6 Qh7 18. Nxh8 Qxh8 19. Qd3 h4 20. Bb5 O-O-O 21. d5 Ne7
22. Bxd7+ Rxd7 23. c4 Ng6 24. Qf3 Nh6 25. Be3 g4 26. Qd1 Nf4 27. c5 dxc5 28.
Bxc5 Qh7 29. Re1 Rg7 30. Bxb6 g3 31. fxg3 hxg3 32. h3 cxb6 33. d6 Nf5 34. exf5
Nxh3+ 35. gxh3 Qxh3 36. Qc2+ Kb8 37. Qg2 Qxf5 38. Rad1 Qe6 39. Re3 Qg4 40. Red3
Rd7 41. Qxg3 Qxa4 42. Rc1 Qb4 43. Qg8+ Ka7 44. Qc4 Qa3 45. Ra1 Qb2 46. Rd2 b5
47. Qc5+ 1-0

[Event "Tradewise Gibraltar Masters 14th"]
[Site "Gibraltar"]
[Date "2016.02.03"]
[Round "9.105"]
[White "Barrenechea Bahamonde, Gustavo"]
[Black "Darnell, Anton"]
[Result "1-0"]
[WhiteElo "2116"]
[BlackElo "1979"]
[PlyCount "57"]
[EventDate "2016.01.26"]
[EventType "swiss"]
[EventRounds "10"]
[EventCountry "GGB"]
[Source "www.saund.co.uk"]
[SourceDate "2005.02.07"]

1. e4 e6 2. d4 d5 3. e5 c5 4. c3 Qb6 5. Nf3 Nc6 6. Bd3 cxd4 7. cxd4 Bd7 8. O-O
Nxd4 9. Nbd2 Ne7 10. Nxd4 Qxd4 11. Nf3 Qb6 12. Be3 Qd8 13. Ng5 Ng6 14. Qh5 Nxe5
15. Nxe6 Bxe6 16. Qxe5 a6 17. Bf4 Qf6 18. Qe3 Bc5 19. Qxc5 Qxf4 20. Rfe1 Kd7
21. Rad1 Rhc8 22. Qb6 Qc7 23. Qd4 Qc5 24. Qxg7 Rg8 25. Qf6 Rae8 26. Bxh7 Rh8
27. Bf5 Qd6 28. Qxf7+ Kc6 29. Rxe6 1-0

[Event "Tradewise Gibraltar Masters 14th"]
[Site "Gibraltar"]
[Date "2016.02.03"]
[Round "9.106"]
[White "Skutta, Bernd"]
[Black "Walton, Alan J"]
[Result "0-1"]
[WhiteElo "1966"]
[BlackElo "2206"]
[PlyCount "58"]
[EventDate "2016.01.26"]
[EventType "swiss"]
[EventRounds "10"]
[EventCountry "GGB"]
[Source "www.saund.co.uk"]
[SourceDate "2005.02.07"]

1. d4 e6 2. Nf3 d5 3. c4 c6 4. e3 f5 5. g4 fxg4 6. Ne5 Nf6 7. h3 g3 8. fxg3 Bd6
9. Nd2 Nbd7 10. Ndf3 Qc7 11. Rg1 Nxe5 12. dxe5 Bxe5 13. Nxe5 Qxe5 14. Qd4 Qd6
15. Bd2 e5 16. Qh4 Be6 17. O-O-O O-O-O 18. Kb1 dxc4 19. Bxc4 Bf5+ 20. Kc1 b5
21. Bb4 Qc7 22. Qg5 Bxh3 23. Bb3 h6 24. Qg6 a5 25. Bc5 Bg4 26. Rdf1 Be2 27. Rf2
Bd3 28. Qf7 Qxf7 29. Bxf7 Ne4 0-1

[Event "Tradewise Gibraltar Masters 14th"]
[Site "Gibraltar"]
[Date "2016.02.03"]
[Round "9.107"]
[White "Teran Alvarez, Ismael"]
[Black "Korning, Peter"]
[Result "1-0"]
[WhiteElo "2416"]
[BlackElo "2015"]
[PlyCount "77"]
[EventDate "2016.01.26"]
[EventType "swiss"]
[EventRounds "10"]
[EventCountry "GGB"]
[Source "www.saund.co.uk"]
[SourceDate "2005.02.07"]

1. d4 d5 2. c4 e6 3. Nf3 c5 4. cxd5 exd5 5. Nc3 Nc6 6. dxc5 d4 7. Na4 Bxc5 8.
Nxc5 Qa5+ 9. Bd2 Qxc5 10. Rc1 Qb6 11. e3 Nge7 12. Bc4 O-O 13. O-O Bg4 14. exd4
Rad8 15. Bc3 Nd5 16. Qd3 Ndb4 17. Qe4 Bxf3 18. Qxf3 Nxd4 19. Qg4 Nbc6 20. Rfe1
Rd6 21. Re3 Qc5 22. Bf1 Rfd8 23. Rce1 h5 24. Re8+ Kh7 25. Bd3+ g6 26. Qf4 Kg7
27. Bd2 Nf5 28. Rxd8 Rxd8 29. Bxf5 Qxf5 30. Qh6+ Kg8 31. Bc3 f6 32. h3 Qg5 33.
Qxg5 fxg5 34. Re6 Kh7 35. Rf6 Rd7 36. Rf8 Nd4 37. Kf1 Kg7 38. Rf3 Kg8 39. Rd3
1-0

[Event "Tradewise Gibraltar Masters 14th"]
[Site "Gibraltar"]
[Date "2016.02.03"]
[Round "9.108"]
[White "Harding, Tim D"]
[Black "Compton, Alistair"]
[Result "1/2-1/2"]
[WhiteElo "2006"]
[BlackElo "2094"]
[PlyCount "60"]
[EventDate "2016.01.26"]
[EventType "swiss"]
[EventRounds "10"]
[EventCountry "GGB"]
[Source "www.saund.co.uk"]
[SourceDate "2005.02.07"]

1. d4 e6 2. Nf3 d5 3. e3 c5 4. b3 Nf6 5. Bb2 Bd6 6. Nbd2 Nc6 7. Bd3 Qc7 8. a3
e5 9. dxe5 Nxe5 10. Bb5+ Bd7 11. Bxd7+ Nfxd7 12. O-O O-O-O 13. c4 dxc4 14. Nxc4
Nxc4 15. bxc4 Ne5 16. Nxe5 Bxe5 17. Bxe5 Rxd1 18. Bxc7 Rxa1 19. Rxa1 Kxc7 20.
Kf1 Rd8 21. Ke2 Kc6 22. Rb1 a6 23. a4 b6 24. Rb2 Rd6 25. h4 Rh6 26. g3 Rd6 27.
Ra2 Rd7 28. Rb2 Rd6 29. Ra2 Rd7 30. Rb2 Rd6 1/2-1/2

[Event "Tradewise Gibraltar Masters 14th"]
[Site "Gibraltar"]
[Date "2016.02.03"]
[Round "9.109"]
[White "Odeh, Kenneth"]
[Black "Dasaolu, Rotimi"]
[Result "0-1"]
[WhiteElo "2014"]
[BlackElo "2060"]
[Annotator "Rudd,Jack"]
[PlyCount "158"]
[EventDate "2016.01.26"]
[EventType "swiss"]
[EventRounds "10"]
[EventCountry "GGB"]
[Source "www.saund.co.uk"]
[SourceDate "2005.02.07"]

1. e4 d5 2. exd5 Qxd5 3. Nc3 Qa5 4. d4 c6 5. Nf3 Nf6 6. Be2 Bf5 7. O-O e6 8.
Re1 Bb4 9. Bd2 O-O 10. a3 Be7 11. Nh4 Bg6 12. Nxg6 hxg6 13. Bc4 Qd8 14. Bf4
Nbd7 15. Ne4 Nxe4 16. Rxe4 Nf6 17. Re3 Nd5 18. Bxd5 Qxd5 19. Re5 Qd7 20. Re3
Rad8 21. Rd3 b5 22. Qd2 Qd5 23. a4 Rd7 24. axb5 cxb5 25. b3 Rc8 26. Re1 b4 27.
Re2 Qa5 28. g4 Rd5 29. Rh3 Qa1+ 30. Kg2 Rxd4 31. Qe3 g5 32. Be5 Rxg4+ 33. Rg3
Rxg3+ 34. hxg3 Qa6 35. Bd4 Qc6+ 36. Kg1 a5 37. f3 Bc5 38. Kf2 Bxd4 39. Qxd4 Qc5
40. Ke3 Qc3+ 41. Qd3 Rc5 42. Qxc3 Rxc3+ 43. Ke4 Kf8 44. g4 Ke7 45. Rf2 g6 46.
Kd4 Kd6 47. Re2 Rxf3 48. Kc4 Kc6 49. Re5 Rc3+ 50. Kd4 Rxc2 51. Rxa5 f6 52. Ra6+
Kd7 53. Rb6 Rg2 54. Kc5 Rxg4 55. Rb7+ Ke8 56. Rb8+ Kd7 57. Rb7+ Kc8 58. Rg7 e5
59. Kc6 Kd8 60. Kd6 Rd4+ 61. Ke6 e4 62. Rg8+ Kc7 63. Kxf6 e3 64. Re8 Rd3 65.
Kxg5 Rxb3 66. Kf4 Rc3 67. Kf3 b3 68. Re7+ Kd6 69. Rb7 Kc5 70. Ke2 Kc4 71. Rc7+
Kb4 72. Rb7+ Ka3 73. Ra7+ Kb2 74. Kd1 Rd3+ 75. Ke2 Kc2 76. Rb7 Rc3 77. Rf7 b2
78. Rh7 b1=Q 79. Rh1 Qb5+ 0-1

[Event "Tradewise Gibraltar Masters 14th"]
[Site "Gibraltar"]
[Date "2016.02.03"]
[Round "9.110"]
[White "Hamer, Martyn"]
[Black "Marcos Herrero, Francisco"]
[Result "0-1"]
[WhiteElo "2058"]
[BlackElo "1982"]
[PlyCount "40"]
[EventDate "2016.01.26"]
[EventType "swiss"]
[EventRounds "10"]
[EventCountry "GGB"]
[Source "www.saund.co.uk"]
[SourceDate "2005.02.07"]

1. g4 d5 2. h3 e5 3. Bg2 Be6 4. c4 c6 5. Nf3 Bd6 6. cxd5 cxd5 7. Nc3 Nc6 8. d3
Nge7 9. Bd2 O-O 10. Ng5 h6 11. Nxe6 fxe6 12. e3 Ng6 13. Rg1 Qh4 14. Qe2 Nb4 15.
O-O-O Rxf2 16. Be1 Rxe2 17. Bxh4 Rxe3 18. Bf2 Nxd3+ 19. Kd2 Nxf2 20. Rdf1 Nxh3
0-1

[Event "Tradewise Gibraltar Masters 14th"]
[Site "Gibraltar"]
[Date "2016.02.03"]
[Round "9.111"]
[White "George, Lolomari Erekosima"]
[Black "Myall, Ivan J"]
[Result "0-1"]
[WhiteElo "1937"]
[BlackElo "2049"]
[PlyCount "86"]
[EventDate "2016.01.26"]
[EventType "swiss"]
[EventRounds "10"]
[EventCountry "GGB"]
[Source "www.saund.co.uk"]
[SourceDate "2005.02.07"]

1. Nf3 d5 2. g3 c6 3. Bg2 Nf6 4. O-O Bg4 5. b3 Nbd7 6. Bb2 e6 7. d3 Bd6 8. c4
O-O 9. Nbd2 Re8 10. Kh1 e5 11. e4 d4 12. Qc2 c5 13. h3 Be6 14. Ng5 Nf8 15. Nxe6
Nxe6 16. Rae1 g5 17. Bc1 Nd7 18. Nf3 Bc7 19. Ng1 Ndf8 20. Ne2 Ng6 21. Bf3 Ng7
22. Bg4 Qf6 23. Kg2 h5 24. Bf3 Bd8 25. Ng1 Nf8 26. Bd2 Qg6 27. Bd1 a5 28. Ne2
f5 29. exf5 Nxf5 30. Ng1 Nd6 31. Bf3 Nd7 32. Bd5+ Kg7 33. Kh2 g4 34. f4 h4 35.
Ne2 hxg3+ 36. Nxg3 Rh8 37. Kg2 Rxh3 38. Rh1 Bh4 39. Rxh3 gxh3+ 40. Kh1 Bxg3 41.
Rg1 Rf8 42. f5 Rxf5 43. Be1 Rg5 0-1

[Event "Tradewise Gibraltar Masters 14th"]
[Site "Gibraltar"]
[Date "2016.02.03"]
[Round "9.112"]
[White "Kristinsson, Magnus"]
[Black "Berrocal Ruiz, Valentin"]
[Result "1-0"]
[WhiteElo "1776"]
[BlackElo "2040"]
[PlyCount "151"]
[EventDate "2016.01.26"]
[EventType "swiss"]
[EventRounds "10"]
[EventCountry "GGB"]
[Source "www.saund.co.uk"]
[SourceDate "2005.02.07"]

1. e4 c5 2. Nf3 Nc6 3. d4 cxd4 4. Nxd4 g6 5. Be3 Bg7 6. Nc3 Nf6 7. f3 O-O 8.
Bc4 Qb6 9. Bb3 Nxe4 10. Nd5 Qa5+ 11. c3 Nc5 12. Nxc6 dxc6 13. Nxe7+ Kh8 14.
Nxc8 Raxc8 15. O-O Rfe8 16. Bf2 Kg8 17. Bc4 Rcd8 18. Qc2 Nd7 19. Rfe1 Ne5 20.
Bb3 c5 21. Re4 Qc7 22. Rae1 Qc6 23. Qe2 Rf8 24. Rxe5 Bxe5 25. Qxe5 Rde8 26. Qd5
Rxe1+ 27. Bxe1 Qe8 28. Kf2 b6 29. Bd2 Qe7 30. Bg5 Qc7 31. g3 b5 32. Bc2 Kg7 33.
Bf4 Qc8 34. Qe5+ f6 35. Qc7+ Qxc7 36. Bxc7 g5 37. g4 Rc8 38. Bg3 a5 39. Bd3 Rd8
40. Ke2 Re8+ 41. Kd2 Rd8 42. Kc2 c4 43. Be4 Re8 44. Bc7 a4 45. a3 h5 46. h3
hxg4 47. hxg4 Rf8 48. Bg3 Kf7 49. Bb7 Re8 50. Bc6 Re2+ 51. Kc1 Rg2 52. Be1 Re2
53. Bg3 Rg2 54. Bc7 Rg1+ 55. Kc2 Rg2+ 56. Kc1 Rg1+ 57. Kc2 Rg2+ 58. Kb1 Ke6 59.
Bxb5 Kd5 60. Bd8 Rg1+ 61. Ka2 Rf1 62. Bxf6 Rxf3 63. Bxg5 Rg3 64. Bd7 Rg2 65.
Bf6 Kd6 66. Bc8 Kc7 67. Bf5 Rf2 68. Bg7 Kd6 69. Bh6 Rxf5 70. gxf5 Ke5 71. Kb1
Kxf5 72. Kc2 Ke4 73. Kd2 Kf3 74. Bg5 Kf2 75. Be3+ Kf3 76. Bg1 1-0

[Event "Tradewise Gibraltar Masters 14th"]
[Site "Gibraltar"]
[Date "2016.02.03"]
[Round "9.113"]
[White "Suez-Panama, Gilles"]
[Black "Lochte, Szilvia"]
[Result "1-0"]
[WhiteElo "2032"]
[BlackElo "1913"]
[PlyCount "67"]
[EventDate "2016.01.26"]
[EventType "swiss"]
[EventRounds "10"]
[EventCountry "GGB"]
[Source "www.saund.co.uk"]
[SourceDate "2005.02.07"]

1. d4 Nf6 2. Nf3 e6 3. c4 Bb4+ 4. Nbd2 O-O 5. a3 Be7 6. e4 d5 7. e5 Nfd7 8. b3
c5 9. Bd3 cxd4 10. cxd5 exd5 11. O-O Nc6 12. Re1 Nc5 13. Bb1 Re8 14. b4 Ne6 15.
Nb3 Qb6 16. h4 Bf8 17. h5 a5 18. Qd3 g6 19. hxg6 fxg6 20. b5 Ne7 21. Nbxd4 Nxd4
22. Nxd4 Bg7 23. Ba2 Bd7 24. a4 Rad8 25. Bb2 Kh8 26. Rad1 Nf5 27. Nf3 Be6 28.
Ng5 Bg8 29. g4 Nh6 30. Bd4 Qc7 31. Qh3 Nf7 32. Nf3 Nxe5 33. Nxe5 Bxe5 34. Rxe5
1-0

[Event "Tradewise Gibraltar Masters 14th"]
[Site "Gibraltar"]
[Date "2016.02.03"]
[Round "9.114"]
[White "Campbell, Charles"]
[Black "Sajjadi, Kimiya"]
[Result "1-0"]
[WhiteElo "2157"]
[BlackElo "1839"]
[PlyCount "149"]
[EventDate "2016.01.26"]
[EventType "swiss"]
[EventRounds "10"]
[EventCountry "GGB"]
[Source "www.saund.co.uk"]
[SourceDate "2005.02.07"]

1. d4 d5 2. c4 dxc4 3. Nc3 c6 4. a4 Nf6 5. e4 Be6 6. Nf3 g6 7. Ne5 Bg7 8. Bxc4
Bxc4 9. Nxc4 O-O 10. Be3 Na6 11. O-O Nb4 12. a5 Qc8 13. Qb3 Na6 14. f3 c5 15.
d5 Nd7 16. Rfd1 Ne5 17. Nxe5 Bxe5 18. f4 Bg7 19. e5 Nb4 20. Na4 Na6 21. Rac1 b6
22. axb6 axb6 23. Qxb6 Qg4 24. Qb5 Bh6 25. Qf1 Rfb8 26. Rc4 Rb3 27. Bc1 Qf5 28.
Nxc5 Nxc5 29. Rxc5 Rb4 30. Rc4 Rb3 31. d6 exd6 32. exd6 Rd8 33. Qe2 Bf8 34. Qe5
Qg4 35. Rd2 Rh3 36. Rc7 Rh5 37. Qe4 Rf5 38. d7 Rxf4 39. Qd3 Qe6 40. Rd1 Qb6+
41. Qe3 Qxc7 42. Qxf4 Rxd7 43. Qxc7 Rxc7 44. Bf4 Rc8 45. Kf1 h6 46. Ke2 g5 47.
Rc1 Re8+ 48. Be3 Rb8 49. Bd4 Bg7 50. Bxg7 Kxg7 51. Rb1 f5 52. Kd2 Kf6 53. b4 f4
54. b5 g4 55. Kd3 Kf5 56. b6 f3 57. Rb5+ Ke6 58. gxf3 gxf3 59. Ke3 f2 60. Kxf2
Kd7 61. b7 Kc7 62. Kg3 Kc6 63. Rb4 Kc5 64. Rb3 Kc4 65. Rb2 Kd5 66. Kh4 Ke6 67.
Kh5 Kf6 68. Rb6+ Kg7 69. Rg6+ Kf8 70. Rb6 Kg7 71. h4 Kh7 72. Rxh6+ Kg7 73. Rb6
Kh7 74. Kg5 Rg8+ 75. Kf5 1-0

[Event "Tradewise Gibraltar Masters 14th"]
[Site "Gibraltar"]
[Date "2016.02.03"]
[Round "9.115"]
[White "Mrabti, Yahya"]
[Black "Biegel, Thomas"]
[Result "1-0"]
[WhiteElo "1780"]
[BlackElo "2069"]
[PlyCount "65"]
[EventDate "2016.01.26"]
[EventType "swiss"]
[EventRounds "10"]
[EventCountry "GGB"]
[Source "www.saund.co.uk"]
[SourceDate "2005.02.07"]

1. e4 g6 2. Nf3 Bg7 3. g3 d5 4. Qe2 dxe4 5. Qxe4 Nf6 6. Qe2 O-O 7. Bg2 c5 8. d3
Nc6 9. Nc3 Bg4 10. Be3 Nd4 11. Bxd4 cxd4 12. Ne4 Nd5 13. h3 Bd7 14. Ned2 Rc8
15. Nb3 Nb4 16. O-O Rxc2 17. Qe1 Nxd3 18. Qd1 Nb4 19. a3 Ba4 20. Nbxd4 b5 21.
axb4 Rxf2 22. b3 Rxf1+ 23. Bxf1 e5 24. bxa4 exd4 25. Bxb5 d3 26. Ra3 Qb6+ 27.
Kg2 a6 28. Bxd3 Qxb4 29. Qb3 Qd6 30. Ra2 Rb8 31. Qc4 Be5 32. Nxe5 Qxe5 33. Qe4
1-0

[Event "Tradewise Gibraltar Masters 14th"]
[Site "Gibraltar"]
[Date "2016.02.03"]
[Round "9.116"]
[White "Lindqvist, Roland"]
[Black "Savage, Neil"]
[Result "1-0"]
[WhiteElo "2018"]
[BlackElo "1689"]
[PlyCount "59"]
[EventDate "2016.01.26"]
[EventType "swiss"]
[EventRounds "10"]
[EventCountry "GGB"]
[Source "www.saund.co.uk"]
[SourceDate "2005.02.07"]

1. e4 c5 2. Nf3 Nc6 3. d4 cxd4 4. Nxd4 e5 5. Nb5 d6 6. N1c3 a6 7. Na3 Be7 8.
Nc4 Be6 9. Be3 Nf6 10. Nd5 Nxe4 11. Bb6 Qc8 12. Nc7+ Kf8 13. Nxa8 Qxa8 14. f3
d5 15. fxe4 dxc4 16. c3 Nb8 17. Be2 Nd7 18. Bf2 Nc5 19. Qc2 b5 20. Bxc5 Bxc5
21. O-O-O Ke7 22. h3 Qc8 23. Qd2 f6 24. Bf3 Qb7 25. Kb1 b4 26. Ka1 a5 27. Bg4
bxc3 28. bxc3 Rb8 29. Bxe6 Kxe6 30. Rb1 1-0

[Event "Tradewise Gibraltar Masters 14th"]
[Site "Gibraltar"]
[Date "2016.02.03"]
[Round "9.117"]
[White "Chidi, Lovinia Sylvia"]
[Black "Zachariassen, John"]
[Result "0-1"]
[WhiteElo "1780"]
[BlackElo "1958"]
[PlyCount "98"]
[EventDate "2016.01.26"]
[EventType "swiss"]
[EventRounds "10"]
[EventCountry "GGB"]
[Source "www.saund.co.uk"]
[SourceDate "2005.02.07"]

1. e4 d6 2. d4 g6 3. c3 Bg7 4. Nf3 Nf6 5. Bd3 Nbd7 6. O-O e5 7. h3 O-O 8. Bg5
h6 9. Be3 Qe7 10. Nbd2 Kh7 11. Nh2 Rg8 12. f3 Nf8 13. d5 g5 14. g4 Ng6 15. Rf2
Nf4 16. Bxf4 gxf4 17. Kf1 Nd7 18. Ke1 Bf6 19. Ke2 Bh4 20. Rg2 Nf6 21. Qh1 Kh8
22. Kd1 c6 23. c4 Nh7 24. Nhf1 Ng5 25. Rh2 Qc7 26. Qg2 Qa5 27. Nb3 Qb6 28. Rc1
a5 29. Nfd2 a4 30. Na1 Qxb2 31. Nb1 Qd4 32. Qe2 Bd7 33. Nc2 Qc5 34. Ne1 a3 35.
Nc3 Rgc8 36. Kd2 Qa5 37. Ng2 Bg3 38. Rhh1 cxd5 39. exd5 Rg8 40. h4 Nxf3+ 41.
Qxf3 Bxg4 42. Qf1 f3 43. Kc2 f5 44. Ne3 e4 45. Bxe4 Be5 46. Nb5 fxe4 47. Rb1
Bd7 48. Rb3 Bxb5 49. cxb5 Rac8+ 0-1

[Event "Tradewise Gibraltar Masters 14th"]
[Site "Gibraltar"]
[Date "2016.02.03"]
[Round "9.118"]
[White "Magnusdottir, Veronika Steinun"]
[Black "Slinger, Tony J"]
[Result "1/2-1/2"]
[WhiteElo "1762"]
[BlackElo "1915"]
[PlyCount "104"]
[EventDate "2016.01.26"]
[EventType "swiss"]
[EventRounds "10"]
[EventCountry "GGB"]
[Source "www.saund.co.uk"]
[SourceDate "2005.02.07"]

1. e4 c5 2. Nf3 d6 3. d4 cxd4 4. Nxd4 Nf6 5. Nc3 a6 6. h3 g6 7. g4 h5 8. g5 Nh7
9. f4 e5 10. Nf3 exf4 11. Bxf4 Nc6 12. Qd2 Be6 13. O-O-O Qa5 14. Kb1 O-O-O 15.
Nd5 Qxd2 16. Rxd2 Bg7 17. Nb6+ Kc7 18. Nc4 Bxc4 19. Bxc4 Rd7 20. Rhd1 Rhd8 21.
a3 Ne5 22. Bxe5 Bxe5 23. Nxe5 dxe5 24. Rxd7+ Rxd7 25. Rxd7+ Kxd7 26. Bxf7 Nxg5
27. Bxg6 Kd6 28. b4 b6 29. Kb2 Nxh3 30. Bxh5 Ng5 31. Bg6 a5 32. Kb3 axb4 33.
axb4 Ne6 34. Kc4 Nc7 35. Bf7 Ke7 36. Bg8 Kd6 37. Kd3 Kc6 38. Kc4 Kd6 39. b5 Ne8
40. Bd5 Nf6 41. Bc6 Nh5 42. Kb4 Nf4 43. Kc4 Ne6 44. c3 Nc5 45. Bd5 Ke7 46. Kb4
Kd6 47. c4 Ke7 48. Kc3 Kf6 49. Kd2 Kg5 50. Ke3 Kg4 51. Bc6 Kg3 52. Bd5 Kg4
1/2-1/2

[Event "Tradewise Gibraltar Masters 14th"]
[Site "Gibraltar"]
[Date "2016.02.03"]
[Round "9.120"]
[White "Joachim, Rodny"]
[Black "Schimmer, Michael"]
[Result "1/2-1/2"]
[WhiteElo "1659"]
[BlackElo "1782"]
[PlyCount "96"]
[EventDate "2016.01.26"]
[EventType "swiss"]
[EventRounds "10"]
[EventCountry "GGB"]
[Source "www.saund.co.uk"]
[SourceDate "2005.02.07"]

1. e4 d6 2. d4 Nf6 3. Nc3 g6 4. Nf3 Bg7 5. Bc4 O-O 6. O-O Nxe4 7. Nxe4 d5 8.
Bxd5 Qxd5 9. Re1 Bg4 10. h3 Bxf3 11. Qxf3 c6 12. c3 Nd7 13. Bg5 Rae8 14. Be3 a5
15. Nd2 Nf6 16. Bf4 Qb5 17. Re5 Qxb2 18. Rb1 Qxa2 19. Rxb7 Nd5 20. Re1 a4 21.
Nf1 Qc4 22. Bd6 Bf6 23. Nd2 Qa6 24. Rd7 exd6 25. Rxe8 Rxe8 26. c4 a3 27. cxd5
a2 28. Nb3 a1=Q+ 29. Nxa1 Qxa1+ 30. Kh2 Qxd4 31. dxc6 Kg7 32. c7 Qc4 33. Qb7
Qf4+ 34. g3 Qxf2+ 35. Qg2 Qc5 36. Qa2 Re7 37. Rxe7 Bxe7 38. Qb2+ Bf6 39. Qb7
Qc2+ 40. Kh1 Qd1+ 41. Kh2 Qe2+ 42. Kh1 Bd4 43. h4 Qf2 44. Qg2 Qe1+ 45. Kh2 Qc1
46. Qb7 Qc2+ 47. Kh3 Qf5+ 48. Kh2 Qc2+ 1/2-1/2

[Event "Tradewise Gibraltar Masters 14th"]
[Site "Gibraltar"]
[Date "2016.02.03"]
[Round "9.121"]
[White "Boron, Anthony"]
[Black "Winter, Kevin"]
[Result "1/2-1/2"]
[WhiteElo "1915"]
[BlackElo "1825"]
[PlyCount "56"]
[EventDate "2016.01.26"]
[EventType "swiss"]
[EventRounds "10"]
[EventCountry "GGB"]
[Source "www.saund.co.uk"]
[SourceDate "2005.02.07"]

1. d4 d6 2. e4 Nf6 3. Nc3 Nbd7 4. Nf3 e5 5. Bc4 Be7 6. Bxf7+ Kxf7 7. Ng5+ Kg8
8. Ne6 Qe8 9. Nxc7 Qg6 10. Nxa8 Qxg2 11. Rf1 exd4 12. Qxd4 Ne5 13. f4 Nfg4 14.
Qd5+ Nf7 15. Qb5 Bh4+ 16. Kd1 h5 17. Bd2 Nxh2 18. Re1 Bxe1 19. Bxe1 Bg4+ 20.
Kc1 Qg1 21. b3 Qxe1+ 22. Kb2 Qe3 23. Qe8+ Kh7 24. Qxf7 Rxa8 25. Rh1 Qg3 26. Ra1
Qe3 27. Rh1 Qg3 28. Ra1 Qe3 1/2-1/2

[Event "Tradewise Gibraltar Masters 14th"]
[Site "Gibraltar"]
[Date "2016.02.03"]
[Round "9.122"]
[White "Wilson, Matthew R"]
[Black "Tarr, Steve F"]
[Result "0-1"]
[WhiteElo "1873"]
[BlackElo "1779"]
[PlyCount "54"]
[EventDate "2016.01.26"]
[EventType "swiss"]
[EventRounds "10"]
[EventCountry "GGB"]
[Source "www.saund.co.uk"]
[SourceDate "2005.02.07"]

1. e4 c5 2. Nc3 g6 3. f4 Bg7 4. Nf3 Nc6 5. Bb5 Nd4 6. O-O Nxb5 7. Nxb5 d5 8.
exd5 a6 9. Nc3 Nf6 10. d4 Nxd5 11. Nxd5 Qxd5 12. Be3 O-O 13. c3 c4 14. Qe1 Bf5
15. Rf2 Rac8 16. Nh4 Be4 17. Nf3 Rc6 18. Ne5 Rb6 19. Qe2 Rc8 20. Qg4 Bf5 21.
Qh4 f6 22. Nf3 Re6 23. Re1 Rcc6 24. Bd2 Rxe1+ 25. Nxe1 Rb6 26. Bc1 Qe4 27. Qg3
Qxe1+ 0-1

[Event "Tradewise Gibraltar Masters 14th"]
[Site "Gibraltar"]
[Date "2016.02.03"]
[Round "9.123"]
[White "Gravett, Alan D"]
[Black "Christophe-Hayot, Romain"]
[Result "1-0"]
[WhiteElo "1884"]
[BlackElo "1824"]
[PlyCount "113"]
[EventDate "2016.01.26"]
[EventType "swiss"]
[EventRounds "10"]
[EventCountry "GGB"]
[Source "www.saund.co.uk"]
[SourceDate "2005.02.07"]

1. Nf3 d5 2. g3 c5 3. Bg2 Nc6 4. d4 cxd4 5. Nxd4 e5 6. Nxc6 bxc6 7. O-O Bc5 8.
c4 Ne7 9. Nc3 d4 10. Ne4 Bb6 11. c5 Bc7 12. Bg5 O-O 13. b4 Rb8 14. a3 Be6 15.
Qc1 f6 16. Bd2 Nd5 17. Qc2 Kh8 18. Rfd1 f5 19. Ng5 Bg8 20. Nf3 f4 21. Rac1 Be6
22. e3 fxe3 23. fxe3 dxe3 24. Bxe3 Nxe3 25. Rxd8 Nxc2 26. Rxb8 Rxb8 27. Rxc2 a5
28. Re2 axb4 29. axb4 Bc4 30. Re3 Rxb4 31. Nxe5 Rb1+ 32. Kf2 Rb2+ 33. Kg1 Bd5
34. Bxd5 cxd5 35. Nd7 h6 36. Re8+ Kh7 37. Nf8+ Kg8 38. Ne6+ Kf7 39. Nxc7 Rb7
40. Rc8 d4 41. Kf2 Rb2+ 42. Kf3 Rxh2 43. Ke4 Rh3 44. c6 Rxg3 45. Kxd4 Ke7 46.
Kc5 Rc3+ 47. Kb6 Rc1 48. Nb5 h5 49. Rg8 Kf6 50. c7 h4 51. c8=Q Rxc8 52. Rxc8 g5
53. Nd6 g4 54. Rg8 g3 55. Ne4+ Kf5 56. Nxg3+ Kf4 57. Nh1 1-0

[Event "Tradewise Gibraltar Masters 14th"]
[Site "Gibraltar"]
[Date "2016.02.04"]
[Round "10.3"]
[White "Harikrishna, Pentala"]
[Black "Li Chao B"]
[Result "1/2-1/2"]
[WhiteElo "2755"]
[BlackElo "2751"]
[PlyCount "133"]
[EventDate "2016.01.26"]
[EventType "swiss"]
[EventRounds "10"]
[EventCountry "GGB"]
[Source "www.saund.co.uk"]
[SourceDate "2005.02.07"]

1. e4 e5 2. Nf3 Nf6 3. Nxe5 d6 4. Nf3 Nxe4 5. d4 d5 6. Bd3 Be7 7. O-O Nc6 8.
Nbd2 Bf5 9. Re1 Nd6 10. Nf1 O-O 11. Bf4 Qc8 12. c3 Rd8 13. Ne3 Be6 14. Ng5 Bxg5
15. Bxg5 f6 16. Bf4 Ne7 17. Qh5 Ne4 18. Qe2 Ng6 19. Bg3 c6 20. Qc2 Re8 21. Bxe4
dxe4 22. Qxe4 Bxa2 23. Qf3 Bf7 24. h4 Ne7 25. c4 Qd7 26. Red1 Red8 27. d5 cxd5
28. cxd5 Qb5 29. d6 Nc6 30. Nf5 Be6 31. Ne7+ Nxe7 32. dxe7 Rxd1+ 33. Rxd1 Re8
34. Rd8 Kf7 35. Bd6 a5 36. Qg3 a4 37. Ba3 Qc6 38. Qe3 Bd5 39. Qd2 Be6 40. Qf4
h5 41. Qd2 Qb5 42. Qd1 Kg8 43. Qc2 Bf7 44. Qe4 Qc6 45. Qxc6 bxc6 46. f4 Kh7 47.
f5 g6 48. Kf2 gxf5 49. Ke3 Kg7 50. Kf4 Bg6 51. Rd4 Rg8 52. Rd6 Be8 53. Kxf5
Bg6+ 54. Ke6 Bf7+ 55. Kd7 Be8+ 56. Kd8 Kf7 57. Bc5 Rxg2 58. Bd4 Rg6 59. Bc3 c5
60. Rd5 Rg8 61. Rxh5 Bb5+ 62. Kc7 Kxe7 63. Rf5 Be8 64. Rxf6 a3 65. Ra6 axb2 66.
Bxb2 Rg6 67. Rxg6 1/2-1/2

[Event "Tradewise Gibraltar Masters 14th"]
[Site "Gibraltar"]
[Date "2016.02.04"]
[Round "10.4"]
[White "Bacrot, Etienne"]
[Black "Sethuraman, S.P."]
[Result "1/2-1/2"]
[WhiteElo "2697"]
[BlackElo "2639"]
[PlyCount "68"]
[EventDate "2016.01.26"]
[EventType "swiss"]
[EventRounds "10"]
[EventCountry "GGB"]
[Source "www.saund.co.uk"]
[SourceDate "2005.02.07"]

1. e4 e5 2. Nf3 Nc6 3. Bb5 a6 4. Ba4 Nf6 5. O-O Nxe4 6. d4 b5 7. Bb3 d5 8. dxe5
Be6 9. Nbd2 Nc5 10. c3 Be7 11. Bc2 d4 12. Nb3 d3 13. Nxc5 dxc2 14. Qxd8+ Rxd8
15. Nxe6 fxe6 16. Be3 Rd5 17. Rfc1 Nxe5 18. Nxe5 Rxe5 19. Bd4 Rg5 20. Rxc2 Kf7
21. Be3 Re5 22. c4 b4 23. Rd1 Rd8 24. Rxd8 Bxd8 25. Rd2 Bf6 26. Kf1 Ke7 27. b3
Bg5 28. Bd4 Rf5 29. Rc2 Bf6 30. Be3 Be5 31. Ke2 Bf4 32. Bd4 Be5 33. Be3 Bf4 34.
Bd4 Be5 1/2-1/2